000 01310nam a2200361 a 4500
001 000111167
003 CHAP
005 20220329144201.0
008 141210s2014 mx a fsm |||||||spa d
010 _a107629
011 _a108601
040 _cCHAP
090 _aTesis
100 1 _aSamah, Samir
_9128988
245 1 0 _aNew approaches for Opuntia sp. characterization and taxonomy:
_h[En línea]
_bseed morphometric descriptors, proteins and DNA markers /
_cpor Samir Samah.
260 _aChapingo, Méx. :
_bEl autor,
_c2014.
500 _aPara ver el contenido del material haga clic en la liga
502 _aTesis (Ph. D. en Ciencias en Horticultura) -- UACH. Departamento de Fitotecnia
590 _aE11695DGD
_b10
_c20141215
_lUCH01
_h0959
590 _aE6096MTM
_b05
_c20141210
_lUCH01
_h1155
590 _aE6096MTM
_b05
_c20141210
_lUCH01
_h1156
650 1 4 _aAcido desoxirribonucléico.
_9580
650 1 4 _aBiología
_xClasificación.
_912778
650 1 4 _aMarcadores genéticos.
_971249
650 1 4 _aNopal
_xSemilla.
_981697
650 1 4 _aOpuntia.
_983387
650 1 4 _aProteínas vegetales.
_992460
650 1 4 _aSemillas
_xFisiología y morfología.
_9103902
856 _aFinding aid
_uhttp://10.13.5.2/tesis/sist111167.pdf
_zTeclea aquí
901 _aBK
942 _cTESIS
942 _n0
999 _c107629
_d107629